| 000 | 01070nam a2200277Ia 4500 | ||
|---|---|---|---|
| 003 | OSt | ||
| 005 | 20221005111010.0 | ||
| 006 | a|||||r|||| 00| 0 | ||
| 007 | ta | ||
| 008 | 221004b |||||||| |||| 00| 0 hin d | ||
| 020 |
_a9788183612760 (hbk) _c400 |
||
| 024 | _a21590 | ||
| 037 |
_bBR8397, 21/03/2015, Rajkamal Prakashan Pvt. Ltd. _cTextual |
||
| 040 |
_aCRL _cCRL _bhin |
||
| 041 |
_2hin _ahin |
||
| 082 | _aP15201CH, 152K9;Q4 | ||
| 100 | _aजैन, कान्तिकुमार | ||
| 245 | 0 |
_aछत्तीसगढ़ी _b बोली, व्याकरण और कोश |
|
| 246 | _aChhattīsagaढ़ī: bolī, vyākaraṇ aur kosha | ||
| 250 | _a2 संस्करण | ||
| 260 |
_aनई दिल्ली _bराधाकृष्ण भारत _c2011 |
||
| 300 |
_a283पृ0 _ccm. |
||
| 650 | _aहिन्दी भाषा | ||
| 942 |
_hP15201CH, 152K9;Q4 _cTEXL _2cc |
||
| 999 |
_c1020521 _d1020521 |
||